<?xml version="1.0" encoding="UTF-8"?>
<collection xmlns="http://www.loc.gov/MARC21/slim">
<record>
  <controlfield tag="001">3626</controlfield>
  <controlfield tag="005">20181005161817.0</controlfield>
  <datafield tag="037" ind1=" " ind2=" ">
    <subfield code="a">SEMIN-2018-0027</subfield>
  </datafield>
  <datafield tag="100" ind1=" " ind2=" ">
    <subfield code="a">Jebaraj, Immanuel Christopher</subfield>
  </datafield>
  <datafield tag="245" ind1=" " ind2=" ">
    <subfield code="a">CME and associated shock wave on September 27, 2012 </subfield>
  </datafield>
  <datafield tag="260" ind1=" " ind2=" ">
    <subfield code="c">2018</subfield>
  </datafield>
  <datafield tag="269" ind1=" " ind2=" ">
    <subfield code="c">2018-09-13</subfield>
  </datafield>
  <datafield tag="520" ind1=" " ind2=" ">
    <subfield code="a">During solar eruptive events such as Flares and CMEs (Coronal Mass Ejections) plasma is heated, waves are generated and particles accelerated. CMEs and associated shocks are the main drivers of geomagnetic storms, and therefore the subject of numerous studies. We present a study of the CME/flare event observed on the September 27, 2012. The GOES C3.1 flare and associated CME originated from the NOAA AR 1577, which had a beta-gamma configuration of its photospheric magnetic field in the moment of eruption. The full-Halo CME which drives a white light shock was observed by all three spacecraft STEREO A, STEREO B, and SOHO/LASCO. It was first seen in the SOHO/LASCO C2 field of view at 23:47 UT. The associated radio event consisted of type II (signature of the shock) and type III (signature of fast electron beams propagating along open field lines) radio bursts. In this multi-wavelength study, we determined the physical characteristics of the CME and the CME-driven shock wave, in order to understand their association. To obtain the propagation path of the shock in 3D, we perform radio triangulation using the goniopolarimetric measurements from STEREO/WAVES and WIND/WAVES instruments. We perform data-driven modelling of the CME propagation using EUHFORIA flux rope model (EUropean Heliospheric FORecasting Information Asset) and validate the results by comparing with in-situ data. We demonstrate the need for 3D reconstructions in the studies of coronal shocks and associated CMEs. The preliminary results of this study indicate that, although temporal association between the shock and the CME is good, the type II burst occurs significantly higher in the corona than the associated CME.</subfield>
  </datafield>
  <datafield tag="536" ind1=" " ind2=" ">
    <subfield code="a">3FULLCOST/</subfield>
    <subfield code="c">3FULLCOST/</subfield>
    <subfield code="f">3FULLCOST</subfield>
  </datafield>
  <datafield tag="594" ind1=" " ind2=" ">
    <subfield code="a">NO</subfield>
  </datafield>
  <datafield tag="653" ind1="1" ind2=" ">
    <subfield code="a">Radio triangulation</subfield>
  </datafield>
  <datafield tag="653" ind1="1" ind2=" ">
    <subfield code="a">CME</subfield>
  </datafield>
  <datafield tag="653" ind1="1" ind2=" ">
    <subfield code="a">Shock wave</subfield>
  </datafield>
  <datafield tag="773" ind1=" " ind2=" ">
    <subfield code="t">Royal Observatory of Belgium</subfield>
  </datafield>
  <datafield tag="856" ind1="0" ind2=" ">
    <subfield code="f">immanuel.jebaraj@observatoire.be</subfield>
  </datafield>
  <datafield tag="980" ind1=" " ind2=" ">
    <subfield code="a">SEMIN</subfield>
  </datafield>
</record>
</collection>